| 000 | 01148nam a2200289 i 4500 | ||
|---|---|---|---|
| 001 | 68980 | ||
| 003 | ES-MaACL | ||
| 005 | 20260301150820.0 | ||
| 007 | t| | ||
| 008 | 040823s1979 sp |||| | spa d | ||
| 020 | _a84-7088-238-4 | ||
| 080 | _a352(46)"17" | ||
| 080 | _a352(46).075.31"17" | ||
| 100 | 1 |
_aSantayana Bustillo, Lorenzo. _9103359 |
|
| 245 | 1 | 0 |
_aGobierno político de los pueblos de España y el corregidor, alcalde y juez de ellos / _cLorenzo Santayana Bustillo ; estudio preliminar por Francisco Tomás y Valiente. |
| 260 |
_aMadrid : _bInstituto de Estudios de Administración Local, _c1979. |
||
| 300 |
_aXLVI, 256 p. ; _c22 cm. |
||
| 490 | 1 |
_aAdministración y ciudadano ; _v6 |
|
| 650 | 4 |
_aAdministración municipal- _zEspaña- _yS.XVIII. _9148340 |
|
| 650 | 4 |
_aAlcaldes- _zEspaña- _vHistoria. _9148341 |
|
| 650 |
_aCorregidores. _9174113 |
||
| 700 | 0 |
_aTomás y Valiente, Francisco, _d1932-1996 _9110535 |
|
| 710 | 2 |
_aInstituto de Estudios de Administración Local (España) _94893 |
|
| 830 | 1 | 0 |
_aColección Administración y ciudadano _v6 _9184524 |
| 852 |
_aES-MaACL _jL-9637 |
||
| 999 |
_c68980 _d68980 |
||